| 000 | 00540nam a2200181Ia 4500 | ||
|---|---|---|---|
| 008 | 090124s9999 xx 000 0 und d | ||
| 082 | _b23988 | ||
| 100 | _aघाणेकर प्र. के. | ||
| 245 | _a पर्यावरण | ||
| 250 | _a1 | ||
| 260 |
_bप्रसाद प्रकाशन _c1986 |
||
| 300 | _a120 | ||
| 600 | _aघाणेकर प्र. के. | ||
| 630 | _a पर्यावरण | ||
| 700 | _aघाणेकर प्र. के. | ||
| 730 | _a पर्यावरण | ||
| 942 | _cBOOK | ||
| 999 |
_c92587 _d92587 |
||